000 00475nam a22001217a 4500
999 _c10160
_d10160
003 OSt
008 201218b ||||| |||| 00| 0 eng d
245 _aIndian Journal of Secure Internet and Computer Security
250 _a2016(Jan-Jun Vol.5 No.1, Jul-Dec Vol.5 No.2) 2017(Jan-Jun Vol.6 No.1, Jul-Dec Vol.6 No.2) 2018(Jan-Jun Vol.7 No.1, Jul-Dec Vol.7 No.2)
260 _aNew Delhi
_bGBS Publishers and Distributors
650 _aComputer Science Engineering
942 _2ddc
_cBV